00718nam a2200193 i 450000100060000000300090000600500170001500700030003200800410003504000200007610000290009624501270012526000640025230000220031650000400033860000410037885200250041985200800044454043ES-MaACL20230906162901.0t|960711s1876 xxu ||||1| spa d aCAM bspa cCAM1 aFerrer de Couto, José.13aLa verdad b: [defensa propia contra un libelo infamatorio publicado por D. Enrique Muñiz] / c[José Ferrer de Couto]. aNueva York : b[s.n.], c1876 (fimprenta de "El cronista") a102 p. ; c22 cm. aEl autor consta al final del texto.14aMuñiz, Enrique. tNuestra defensa. aES-MaACLjT-376-F-21 aES-MaACLjT-206-F-7 z.- Enc. en un vol. facticio falto de la cub. original